The Oscar Klein Memorial Lectures
Αποθηκεύτηκε σε:
| Άλλοι συγγραφείς: | |
|---|---|
| Μορφή: | Βιβλίο |
| Γλώσσα: | English |
| Δημοσίευση: |
Singapore :
World Scientific,
c1994.
|
| Θέματα: | |
| Ετικέτες: |
Προσθήκη ετικέτας
Δεν υπάρχουν, Καταχωρήστε ετικέτα πρώτοι!
|
MARC
| LEADER | 00000cam a2200000 i 4500 | ||
|---|---|---|---|
| 001 | 1/46289 | ||
| 008 | 950616s1994 si ||| | eng|| | ||
| 020 | |a 9810214502 | ||
| 035 | |a 1995 |c ΣΕΙΜΕΝΗΣ |l 10042758 | ||
| 040 | |a GR-MyUA |b gre |e AACR2 | ||
| 041 | 0 | |a eng | |
| 082 | 0 | |a 530.12 | |
| 245 | 1 | 4 | |a The Oscar Klein Memorial Lectures / |c editor, Gosta Ekspong |
| 260 | |a Singapore : |b World Scientific, |c c1994. | ||
| 300 | |a 149 σ. : |b εικ. ; |c 23 εκ. | ||
| 504 | |a Περιέχει βιβλιογραφικές παραπομπές. | ||
| 505 | 0 | |a vol.2. Lectures by Hans A. Bethe and Alan H. Guth wyth Translated reprints by Oscar Klein | |
| 600 | 1 | 0 | |a Klein Oscar. |
| 650 | 0 | 0 | |a Physics. |
| 650 | 0 | 0 | |a Quantum theory. |
| 650 | 0 | 0 | |a Physicists |z Sweden |x Biography. |
| 700 | 1 | |a Ekspong, G&UBosta, |e edt | |
| 852 | |a INST |b SAMOS |e 19950616 |h 530.12 OSK |p 005300005619 |q 005300005619 |t BK |y 0 |z v.2 | ||
| 852 | |a INST |b SAMOS |e 19950616 |h 530.12 OSK |p 005300005619 |q 005300005619 |t BK |v v.2: |y 0 |z v.2 | ||
| 853 | |a INST |b SAMOS |h 530.12 OSK | ||
| 909 | |a Σ |b 039079 | ||